000 00705nam a2200289Ia 4500
005 20260324130616.0
008 008 260324s9999 xx 000 0 eng d
020 _a9780203935699
037 _aEBOOK
040 _aCRL
040 _beng
040 _cCRL
041 _2eng
041 _aeng
084 _qCRL
100 _aRichard Devetak; Christopher W. Hughes
_91182421
245 4 _aThe Globalization of Political Violence
245 0 _bGlobalization's Shadow
260 _bTaylor and Francis
260 _c2007
365 _a
365 _b255
856 _uhttp://www.taylorfrancis.com/books/9780203935699
942 _cEBOOK
999 _c1778739
_d1778739